000
00403nam a22001697a 4500
003
MPLRDC
005
20220104123926.0
008
210129b ||||| |||| 00| 0 eng d
082
_a
416.7 LM
100
_a
陆明 编译
245
_a
关心孩子的眼晴
_c
260
_a
_b
大展出版社
_c
1983
300
_b
平
490
_a
教养特辑. 7
650
_a
眼科知识
942
_c
BK
_o
416.7 LM
999
_c
15283
_d
15273